Jeux développés par Valve - Statistiques

Statistiques générales
  • Ce quiz a été pris 43 fois
    6 depuis la dernière actualisation
  • Le résultat moyen est 13 sur 21
Statistiques - réponses
Année Jeux % Correct
2023 Counter-Strike 2
100%
2004 Counter-Strike Source
100%
2000 Counter-Strike
100%
1998 Half-Life
100%
Half-Life 2
100%
2020 Half-Life Alyx
100%
2007 Portal
100%
1999 Team Fortress
100%
Team Fortress 2
100%
2018 Artifact
67%
NC Deadlock
67%
2013 Dota 2
67%
2011 Portal 2
67%
2010 Alien Swarm
33%
2012 Counter-Strike Global Offensive
33%
2008 Left 4 Dead
33%
2009 Left 4 Dead 2
33%
2016 The Lab
33%
2003 Day of Defeat
0%
2005 Day of Defeat Source
0%
2019 Dota Underlords
0%
Aucun quiz correspondant
Distribution des résultats
% des personnes avec chaque résultat
Percentile par nombre de réponses
Votre historique - résultats
Vous n’avez pas pris ce quiz depuis la dernière actualisation